000 00811nam a2200229Ia 4500
003 GCL
008 140319s9999 xx 000 0 ara d
020 _a7331470977
040 _aGCL /
_cGCL
082 0 4 _aق
_b320.962
_bا ن
100 1 _aاحمد عادل كمال
245 1 0 _aالنقط فوق الحروف : الاخوان المسلمون والنظام الخاص /
_cاحمد عادل كمال
250 _aالثانية
260 _aالقاهرة :
_bالزهراء للاعلام العربى ،
_c1989
300 _a481 ص ؛
_c24سم
650 0 4 _aالاعتداء الثلاثى على مصر 1956
650 0 4 _aجمال عبدالناصر
650 0 4 _aالاخوان المسلمون - مصر
650 0 4 _aمحمود لبيب
650 0 4 _aحامد جودة
942 _2ddc
_cBK
999 _c47475
_d47475